01123nam a2200241 a 450000100060000000300090000600800410001502000150005604000280007108200180009910000410011724501080015826000270026630000080029350501420030159001360044365000420057965000330062165000450065494200120069999900170071195201530072821285CO-ViMGA141112s2004 ck r 000 u spa d a9681832671 aCO-ViMGAbspacCO-ViMGA04a618.928 C153c1 aCalderón González, Raúl93034510aEl niño con disfunción cerebral : bTranstornos del lenguaje, aprendizaje y atención en el niño aMexico; Limusa, c1999 a246 aConcepto y diagnóstico. Lenguaje y aprendizaje 11 - - Transtorno de la atención 147 - - Autismo infantil 175 - - Retardo mental 199  aForma de adquisición : Compra fact. 0859 - - Precio : 35000 - - Proveedor : Temas y libros - - Fecha de adquisición : Mayo 200714aDISFUNCION CEREBRAL EN NIÑOS93034614aNEUROLOGIA PEDIATRICA94868214aNIÑOS INCAPACITADOS MENTALMENTE930347 2ddccBK c29912d29912 00102ddc40708002aMEVIECARbMEVIECARd2015-12-04hVolumen. 1 | 11/jun/2009l0o618.928 C153c p21285r2019-02-27 00:00:00tEj. 1w2015-12-04yBK